| 000 | 01057 a2200241 4500 | ||
|---|---|---|---|
| 001 | 39917 | ||
| 005 | 20260407155656.0 | ||
| 008 | 260407a1996 arg spa d | ||
| 003 | AR-UNSa-BCEJYS | ||
| 040 |
_aAR-UNSa-BCEJYS _bspa _cAR-UNSa-BCEJYS |
||
| 080 |
_a378.14 _xOrganización y estructuración de los estudios( Educación a distancia...) |
||
| 245 | 1 | 0 |
_aLa educación a distancia en el sector público _pmanual para la elaboración de proyectos |
| 264 | 1 |
_aBuenos Aires : _bINAP _c1996 |
|
| 300 |
_a165 p. _c20 cm. |
||
| 505 | _a1. Presentación - 2. Introducción - 3. Precisiones conceptuales - 4. La modalidad más adecuada - 5. La elaboración de proyectos de educación a distancia - 6. Proceso metdológico para el desarrollo de proyectos - 7. Los materiales - 8. Las tutorias - 9. Pautas mínimas para el desarrollo de proyectos | ||
| 041 | _aspa | ||
| 942 | _cBK | ||
| 590 | _aniveau_biblio:m niveau_hierar:0 | ||
| 100 | 1 | _aMena, Marta | |
| 700 | 1 | _aPautasso, Marcelo | |
| 700 | 1 | _aGatica, María Jesús | |
| 700 | 1 | _aDiez, María Laura | |
| 999 |
_c3150 _d3150 |
||